Cavalieri dell?Africa : storia, iconografia, simbolismo := Cavaliers d?Afrique : histoire, iconographie, symbolisme/ (Record no. 113107)
[ view plain ]
| 000 -LEADER | |
|---|---|
| fixed length control field | 00782cam a2200193 4500 |
| 008 - FIXED-LENGTH DATA ELEMENTS--GENERAL INFORMATION | |
| fixed length control field | 090907n 000 0 eng u |
| 035 ## - SYSTEM CONTROL NUMBER | |
| System control number | (Sirsi) a166971 |
| 040 ## - CATALOGING SOURCE | |
| Original cataloging agency | |
| 050 ## - LIBRARY OF CONGRESS CALL NUMBER | |
| Classification number | SF 284.42.A35 CAV 1995 |
| 245 ## - TITLE STATEMENT | |
| Title | Cavalieri dell?Africa : storia, iconografia, simbolismo := Cavaliers d?Afrique : histoire, iconographie, symbolisme/ |
| Statement of responsibility, etc. | a cura di Gigi Pezzoli. |
| 260 ## - PUBLICATION, DISTRIBUTION, ETC. | |
| Place of publication, distribution, etc. | Milano : |
| Name of publisher, distributor, etc. | Centro studi archeologia africana, |
| Date of publication, distribution, etc. | 1995. |
| 300 ## - PHYSICAL DESCRIPTION | |
| Extent | 301 p. : ill. ; 26 cm. |
| 504 ## - BIBLIOGRAPHY, ETC. NOTE | |
| Bibliography, etc. note | Includes bibliographical references. |
| 650 ## - SUBJECT ADDED ENTRY--TOPICAL TERM | |
| Topical term or geographic name entry element | Horsemen and horsewomen --Africa --History --Congresses. |
| 650 ## - SUBJECT ADDED ENTRY--TOPICAL TERM | |
| Topical term or geographic name entry element | Horses --Africa --History --Congresses. |
| 650 ## - SUBJECT ADDED ENTRY--TOPICAL TERM | |
| Topical term or geographic name entry element | Horsemen and horsewomen in art --Congresses. |
| 650 ## - SUBJECT ADDED ENTRY--TOPICAL TERM | |
| Topical term or geographic name entry element | Horses in art --Congresses. |
| 700 ## - ADDED ENTRY--PERSONAL NAME | |
| Personal name | Pezzoli, Gigi. |
No items available.